Europe and the British Islends / (Record no. 812)
[ view plain ]
| 000 -LEADER | |
|---|---|
| fixed length control field | 00400cam a2200169ua 4500 |
| 041 ## - LANGUAGE CODE | |
| Language code of text/sound track or separate title | eng |
| 082 ## - DEWEY DECIMAL CLASSIFICATION NUMBER | |
| Classification number | 910 |
| Item number | STA/EU |
| 100 ## - MAIN ENTRY--AUTHOR NAME | |
| Personal name | Stamp, Dudley . |
| 245 00 - TITLE STATEMENT | |
| Title | Europe and the British Islends / |
| 250 ## - EDITION STATEMENT | |
| Edition statement | 5 / |
| 260 ## - PUBLICATION, DISTRIBUTION, ETC. (IMPRINT) | |
| Place of publication | : |
| Name of publisher | Longman , |
| Year of publication | 1959. |
| 300 ## - PHYSICAL DESCRIPTION | |
| Number of Pages | 408 ; . |
| 700 1# - ADDED ENTRY--PERSONAL NAME | |
| Personal name | Suggate, L.S . |
| 942 ## - ADDED ENTRY ELEMENTS (KOHA) | |
| Koha item type | Books |
| Withdrawn status | Lost status | Damaged status | Home library | Current library | Date acquired | Full call number | Accession Number | Koha item type |
|---|---|---|---|---|---|---|---|---|
| Withdrawn | KAUAET | Malayalam University | 07/04/2012 | 910 | 3969 | Books |
